Ročenka výskumu a vývoja v Slovenskej republike 1999

Salvato in:
Dettagli Bibliografici
Natura: Libro
Lingua:slovacco
inglese
Pubblicazione: Bratislava Štatistický úrad Slovenskej republiky 2000
Soggetti:
Tags: Aggiungi Tag
Nessun Tag, puoi essere il primo ad aggiungerne!!

MARC

LEADER 00000nam a2200000 4500
001 c117469
005 20240104101131.6
041 0 |a slo 
041 0 |a eng 
044 |a SK 
245 1 0 |a Ročenka výskumu a vývoja v Slovenskej republike 1999 
264 1 |a Bratislava  |b Štatistický úrad Slovenskej republiky  |c 2000 
300 |a 75 s. 
610 2 0 |a výskum 
610 2 0 |a vývoj 
610 2 0 |a pracovníci výskumní 
610 2 0 |a pracovníci vedeckí 
610 2 0 |a ústavy vedeckovýskumné 
610 2 0 |a ústavy výskumné 
610 2 0 |a ústavy vedecké 
610 2 0 |a licencie 
610 2 0 |a certifikácia 
610 2 0 |a certifikáty 
610 2 0 |a Slovensko